000 00727nam a2200217Ia 4500
001 8976
003 GE_BSU
008 181216s||||||||xx |||||||||||||| ||und||
040 _cGE_BSU
100 _aკიკვაძე,ნიკოლოზ
245 _aლურჯი მდინარე.
245 _bდრამატული პოემა
245 _cრედ.მ.მჭედლიშვილი,მხატვ.გ.ინასარიძე
260 _aთბილისი
260 _bხელოვნება
260 _c1991
300 _a180გვ.20სმ.
653 _aდრამატული პოემა
653 _aლურჯი მდინარე.
942 _cBK
999 _c42281
_d42281